000
00349pab a2200157 454500
008
180718b1997 xxu||||| |||| 00| 0 eng d
100
_a
Gopalaswami, T.V.
245
_a
Accountability need of hour
260
_c
1997
300
_a
p.41-42
362
_a
Jul
650
_a
Ethics
650
_a
Accountability
773
_a
Yojana
909
_a
34515
999
_c
34515
_d
34515